Preston Richards Quiz - Statistics

General Stats
  • This quiz has been taken 5 times
  • The average score is 5 of 7
Answer Stats
Hint Answer % Correct
What sport is Preston varsity in? Baseball
100%
What color is Preston's hair? blonde
100%
What's Preston's nickname? Proe
100%
What grade is Preston in? sophomore
100%
Who Preston's favorite artist? Drake
50%
What does Preston's hair look like? wave
50%
What does Preston say when he's mad? No, no, I'm pissed, I'm pissed
0%
No matching quizzes found
Score Distribution
Percent of People with Each Score
Percentile by Number Answered
Your Score History
You have not taken this quiz